000 00800cab a2200253 4500
001 ABS59667
008 090401t1998 xxu||||| |||| 00| 0 eng d
035 _a(Sirsi) u89952
041 _aeng
100 _aGreen, M.
245 _aCaught in a trap
260 _c1998
350 _a0
490 _aInside Housing
_v15(48) 20 November 1998, 14(1)
520 _aDiscusses changes to the law relating to the length of lease to be granted in right to buy applications from tenants in flats, and the implications for landlords.
650 _aHOUSING (RIGHT TO ACQUIRE) REGULATIONS 1997 SI 97/619
650 _aHOUSING ACT 1985 SCH 6
650 _aLENGTH OF LEASES
650 _aRIGHT TO BUY LEASES
650 _aSOCIAL LANDLORDS
690 _aHOUSING
942 _n0
948 _c25/11/1998
999 _c56955
_d56955